000 00584nam a2200181 i 4500
001 134521
003 ES-MaACL
005 20230906194707.0
007 t|
008 070911s1955 sp ||||1| spa d
100 1 _aWeber, Max.
_9116265
245 1 3 _aLa ética protestante y el espíritu del capitalismo /
_cMax Weber ; traducida por Luis Legaz Lacambra.
260 _aMadrid :
_bRevista de Derecho Privado,
_c[1955]
300 _a251 p. ;
_c23 cm.
650 0 0 _aCapitalismo-
_xAspectos religiosos.
_910761
700 1 _aLegaz Lacambra, Luis.
_971264
852 _aES-MaACL
_jC-9502
999 _c134521
_d134521